|
|
|
|
| LEADER |
01506nam a2200289 a 4500 |
| 001 |
31069 |
| 003 |
BD-DhAAL |
| 005 |
20211125105249.0 |
| 008 |
160504s2013 bg ||||| |||| 00| 0 eng d |
| 999 |
|
|
|c 37417
|d 37417
|
| 020 |
|
|
|a 9788180389030
|
| 040 |
|
|
|a BD-DhAAL
|c BD-DhAAL
|
| 082 |
|
|
|2 21
|a 343.5409944
|
| 100 |
|
|
|a Seth, Karnika
|9 19392
|
| 245 |
|
|
|a Computers internet and new technology laws :
|b a comprehensive reference work with a special focus on development in India /
|c Karnika Seth, Foreward by Altamas Kabir
|
| 250 |
|
|
|a First edition
|
| 260 |
|
|
|a Haryana :
|b LexisNexis ,
|c 2013
|
| 300 |
|
|
|a cxxxvi, 1156 pages :
|b illustrations ;
|c 25 cm.
|
| 526 |
|
|
|a LAW
|
| 541 |
|
|
|e 31069
|
| 650 |
|
|
|a Information technology
|x Law and legislation
|z India.
|9 19393
|
| 650 |
|
|
|a Law.
|9 43123
|
| 700 |
|
|
|a Kabir, Altamas
|9 19394
|
| 942 |
|
|
|2 ddc
|c BK
|
| 952 |
|
|
|0 0
|1 0
|2 ddc
|4 0
|6 343_540994400000000_SET
|7 0
|9 58876
|a BRACUL
|b BRACUL
|c GEN
|d 2016-04-27
|e Hye Trade International
|g 2648.00
|l 2
|m 22
|o 343.5409944 SET
|p 3010031069
|r 2017-07-18
|s 2017-05-09
|t 1
|v 2648.00
|w 2016-04-27
|y BK
|
| 952 |
|
|
|0 0
|1 0
|2 ddc
|4 0
|6 343_540994400000000_SET
|7 0
|9 58877
|a BRACUL
|b BRACUL
|c GEN
|d 2016-04-27
|e Hye Trade International
|g 2648.00
|l 1
|m 8
|o 343.5409944 SET
|p 3010031070
|r 2016-06-29
|s 2016-05-10
|t 2
|v 2648.00
|w 2016-04-27
|y BK
|
| 952 |
|
|
|0 0
|1 0
|2 ddc
|4 0
|6 343_540994400000000_SET
|7 0
|9 58878
|a BRACUL
|b BRACUL
|c GEN
|d 2016-04-27
|e Hye Trade International
|g 2648.00
|l 5
|m 35
|o 343.5409944 SET
|p 3010031071
|q 2026-06-02
|r 2026-03-02
|s 2026-03-02
|t 3
|v 2648.00
|w 2016-04-27
|y BK
|